Study of Distribution Channel of Shri Chatrapati Sahakari Sakhar Karkhana (Record no. 69404)
[ view plain ]
| 000 -LEADER | |
|---|---|
| fixed length control field | 00396nam a2200145Ia 4500 |
| 008 - FIXED-LENGTH DATA ELEMENTS--GENERAL INFORMATION | |
| fixed length control field | 221007s9999 xx 000 0 und d |
| 041 ## - LANGUAGE CODE | |
| Language code of text/sound track or separate title | eng |
| 082 ## - DEWEY DECIMAL CLASSIFICATION NUMBER | |
| Item number | PAW |
| 100 ## - MAIN ENTRY--PERSONAL NAME | |
| Personal name | Pawar K K (2K41033) |
| 9 (RLIN) | 102243 |
| 245 ## - TITLE STATEMENT | |
| Title | Study of Distribution Channel of Shri Chatrapati Sahakari Sakhar Karkhana |
| 260 ## - PUBLICATION, DISTRIBUTION, ETC. (IMPRINT) | |
| Date of publication, distribution, etc. | 2006 |
| Name of publisher, distributor, etc. | Pune University |
| Place of publication, distribution, etc. | Pune |
| 300 ## - PHYSICAL DESCRIPTION | |
| Extent | 40p |
| 520 ## - SUMMARY, ETC. | |
| Summary, etc. | Dhotre M |
| 906 ## - LOCAL DATA ELEMENT F, LDF (RLIN) | |
| b | General |
| Withdrawn status | Lost status | Damaged status | Not for loan | Home library | Current library | Date acquired | Vendor | Full call number | Barcode | Date last seen | Bill Date | Koha item type | Original Barcode |
|---|---|---|---|---|---|---|---|---|---|---|---|---|---|
| Smt. Hiraben Nanavati Institute of Management & Research for Women | Smt. Hiraben Nanavati Institute of Management & Research for Women | 26/07/2006 | HNIMR | PAW | HIMR-PR-207 | 07/10/2022 | 26/07/2006 | Project Reports | PR0207 |